00636nam a2200169Ia 4500008004000000020001800040082001500058100004500073245004800118260003600166300001300202650004600215690001800261906001100279999001900290952015700309210210b2005 xxu||||| |||| 00| 0 eng d a81 86771 61 1 a305.4 RAOE aRAO (B Sambasiva) and KUMARI (Y Indira). aEmpowerment of women and rural development. aN DbSerials Publicationsc2005 aviii,326 aWomen Empowerment Woman Rural Development aWomen Studies a060889 c107943d107943 001040708SociologyaALbALcSociologyd2021-02-17eSchool Book Company, Mangaloreg795.00l0o305.4 RAOEp060889r2021-02-17 00:00:00w2021-02-17yBK